Tây Du Ký
שמור ב:
| מחבר ראשי: | |
|---|---|
| פורמט: | ספר |
| תגים: |
הוספת תג
אין תגיות, היה/י הראשונ/ה לתייג את הרשומה!
|
| Thư viện lưu trữ: | Mạng thư viện Đại học Đà Nẵng |
|---|
| LEADER | 00731nam a2200241 4500 | ||
|---|---|---|---|
| 001 | 000012870 | ||
| 003 | 9194 | ||
| 005 | 20150812150846.0 | ||
| 008 | 120302s sd | ||
| 100 | 0 | |a Ngô Thừa Ân | |
| 245 | 0 | 0 | |a Tây Du Ký |c Ngô Thừa Ân |
| 300 | |a 25 tập | ||
| 774 | |a Ngô Thừa Ân |g Tập 1 |h 250 tr. |t Hầu Vương ra đời |w 9195 | ||
| 774 | |a Ngô Thừa Ân |g Tập 2 |h 255 tr. |t Đại Náo Thiên Cung |w 9196 | ||
| 774 | |a Ngô Thừa Ân |g Tập 3 |h 255 tr. |t Bạch Cốt Tinh |w 9197 | ||
| OWN | |a LSP | ||
| 999 | |a From the UDN01 | ||
| TYP | |a Monograph | ||
| TYP | |a Printed language | ||
| 980 | |a Mạng thư viện Đại học Đà Nẵng | ||